Statistics for Bayern Munich Best Scorer By Year

Click here to take the quiz!

General Stats

  • This quiz has been taken 4,286 times
    (10 since last reset)
  • The average score is 10 of 21

Answer Stats

Player% Correct
Gerd Müller
100%
Harry Kane
100%
Robert Lewandowski
100%
Serge Gnabry
88%
Arjen Robben
75%
Luca Toni
75%
Mario Gómez
75%
Giovane Élber
63%
Mario Mandžukić
63%
Karl-Heinz Rummenigge
50%
Lothar Matthäus
50%
Dieter Hoeneß
38%
Jürgen Klinsmann
38%
Roy Makaay
38%
Carsten Jancker
25%
Mehmet Scholl
25%
Roland Wohlfarth
25%
Bruno Labbadia
13%
Adolfo Valencia
0%
Christian Ziege
0%
Rainer Ohlhauser
0%

Score Distribution

Percentile by Number Answered

Percent of People with Each Score

Your Score History

You have not taken this quiz since the last reset